Využitie metódy FMEA pri zlepšovaní kvality vo výrobnej etape
Možnosti aplikácie metódy FMEA (Failure Mode and Effect Analysis) ako základnej metódy plánovania a zlepšovania kvality pri odhaľovaní vzniku chýb nielen v predvárobnej etape ale aj vo výrobnej etape. Charakteristika metódy FMEA. Formy FMEA. FMEA výrobku.
Gespeichert in:
| 1. Verfasser: | |
|---|---|
| Format: | Buchkapitel |
| Sprache: | Slowakisch |
| Schlagworte: | |
| Tags: |
Keine Tags, Fügen Sie das erste Tag hinzu!
|
MARC
| LEADER | 00000naa$a2200000$$$4500 | ||
|---|---|---|---|
| 001 | 0034101 | ||
| 005 | 20231018132827.8 | ||
| 041 | 0 | |a slo | |
| 044 | |a SK | ||
| 245 | 1 | 0 | |a Využitie metódy FMEA pri zlepšovaní kvality vo výrobnej etape |c Pavol Gejdoš |
| 520 | |a Možnosti aplikácie metódy FMEA (Failure Mode and Effect Analysis) ako základnej metódy plánovania a zlepšovania kvality pri odhaľovaní vzniku chýb nielen v predvárobnej etape ale aj vo výrobnej etape. Charakteristika metódy FMEA. Formy FMEA. FMEA výrobku. | ||
| 610 | 2 | 0 | |a zlepšovateľstvo |
| 610 | 2 | 0 | |a kvalita |
| 610 | 2 | 0 | |a plánovanie |
| 610 | 2 | 0 | |a metódy |
| 610 | 2 | 0 | |a analýzy |
| 610 | 2 | 0 | |a diagnostikácia |
| 100 | 1 | |a Gejdoš, Pavol | |